Sistema de alarmas del correo electrónico RACSAMAIL
Salvato in:
| Autore principale: | |
|---|---|
| Natura: | Libro |
| Pubblicazione: |
San José, Costa Rica
1992
|
| Soggetti: | |
| Tags: |
Aggiungi Tag
Nessun Tag, puoi essere il primo ad aggiungerne!!
|
MARC
| LEADER | 00000nam a2200000Ia 4500 | ||
|---|---|---|---|
| 003 | 005498 | ||
| 005 | 20221231144320.0 | ||
| 008 | 140114s1992 cr a m 000 ||s d | ||
| 040 | |c cru CEDI | ||
| 090 | |a TFG 2630 | ||
| 100 | |a Acuña Paganella, Jorge |9 12284 | ||
| 245 | |a Sistema de alarmas del correo electrónico RACSAMAIL | ||
| 260 | |c 1992 |a San José, Costa Rica | ||
| 300 | |a xi, 52 [67] hojas ; 28 cm. | ||
| 500 | |a Tesis (licenciatura en ingenieria electrica)--Universidad de Costa Rica. Facultad de Ingeniería. Escuela de Ingenieria Electrica | ||
| 650 | |x SISTEMAS ELECTRONICOS DE ALARMA |9 12285 | ||
| 942 | |c TFG | ||
| 999 | |c 20029 |d 20029 | ||
